[Event "GER-chT U16"]
[Site "Aurich"]
[Date "2018.12.28"]
[Round "4.4"]
[White "Steiner, Noah"]
[Black "Sporer, Benedikt"]
[Result "1-0"]
[WhiteElo "1407"]
[BlackElo "1306"]
[PlyCount "114"]
[EventDate "2018.12.27"]
[EventType "team-swiss"]
[EventRounds "7"]
[EventCountry "GER"]
[SourceTitle "CBM 188 Extra"]
[Source "ChessBase"]
[SourceDate "2019.02.26"]
[SourceVersion "1"]
[SourceVersionDate "2019.02.26"]
[SourceQuality "1"]
[WhiteTeam "Stetten"]
[BlackTeam "Porz SG"]
[WhiteTeamCountry "GER"]
[BlackTeamCountry "GER"]

1. e4 e5 2. Nf3 Nc6 3. d4 exd4 4. Nxd4 Nxd4 5. Qxd4 d6 6. Nc3 Qf6 7. Qd3 Qd8 8. Be3 Nf6 9. h3 c6 10. f4 Nd7 11. 0-0-0 Nb6 12. g4 Be6 13. f5 Bc4 14. Qd2 Bxf1 15. Rhxf1 Nc4 16. Qe2 Ne5 17. Bf4 Qb6 18. Bxe5 dxe5 19. Qc4 Qe3+ 20. Rd2 Rd8 21. Rfd1 Rxd2 22. Rxd2 Qxh3 23. Qb3 b5 24. a4 Qxg4 25. axb5 Qg1+ 26. Nd1 Qc5 27. bxc6 Bd6 28. Qd5 Qxd5 29. Rxd5 Ke7 30. Nc3 Rc8 31. Ra5 Rxc6 32. Rxa7+ Kf8 33. Ra8+ Ke7 34. Rh8 h6 35. Rh7 Kf8 36. Rh8+ Ke7 37. Nd5+ Kd7 38. Rg8 Be7 39. Rxg7 Bg5+ 40. Kb1 Ke8 41. Rg8+ Kd7 42. Rf8 f6 43. Rf7+ Ke8 44. Rb7 h5 45. b4 h4 46. b5 Rd6 47. c4 Rd7 48. Rb6 h3 49. Nxf6+ Bxf6 50. Rxf6 Rh7 51. Ra6 h2 52. Ra8+ Kf7 53. Ra7+ Kg8 54. Ra8+ Kg7 55. f6+ Kxf6 56. Rf8+ Ke7 57. Rf1 h1Q 1-0

[Event "GER-chT U16"]
[Site "Aurich"]
[Date "2018.12.27"]
[Round "2.4"]
[White "Rapp, Lukas"]
[Black "Sporer, Benedikt"]
[Result "1-0"]
[WhiteElo "1719"]
[BlackElo "1306"]
[PlyCount "73"]
[EventDate "2018.12.27"]
[EventType "team-swiss"]
[EventRounds "7"]
[EventCountry "GER"]
[SourceTitle "CBM 188 Extra"]
[Source "ChessBase"]
[SourceDate "2019.02.26"]
[SourceVersion "1"]
[SourceVersionDate "2019.02.26"]
[SourceQuality "1"]
[WhiteTeam "Stadtilm Blau Weiss"]
[BlackTeam "Porz SG"]
[WhiteTeamCountry "GER"]
[BlackTeamCountry "GER"]

1. e4 e5 2. Nf3 Nc6 3. Bc4 Nf6 4. Ng5 d5 5. exd5 Na5 6. Bb5+ Bd7 7. Qe2 Bd6 8. d4 Qe7 9. Bd2 b6 10. Bxd7+ Nxd7 11. Ne4 Nb7 12. Nxd6+ cxd6 13. dxe5 Qxe5 14. Qxe5+ dxe5 15. 0-0 0-0 16. Na3 Rfd8 17. Rfd1 Nf6 18. c4 Rac8 19. Rac1 a6 20. Bg5 Rd6 21. Bxf6 Rxf6 22. Re1 Re8 23. Nc2 Nc5 24. Re3 Rd6 25. Nb4 f6 26. Nc6 Kf7 27. b4 Nb7 28. Rd3 Nd8 29. Nb8 Nb7 30. Nxa6 b5 31. cxb5 Red8 32. Rc7+ R8d7 33. Rxd7+ Rxd7 34. Nc5 Rc7 35. d6 Rc8 36. d7 Nxc5 37. dxc8Q 1-0

[Event "GER-chT U16"]
[Site "Aurich"]
[Date "2018.12.27"]
[Round "1.4"]
[White "Sporer, Benedikt"]
[Black "Englaender, Leon Arne"]
[Result "1/2-1/2"]
[WhiteElo "1306"]
[BlackElo "1729"]
[PlyCount "83"]
[EventDate "2018.12.27"]
[EventType "team-swiss"]
[EventRounds "7"]
[EventCountry "GER"]
[SourceTitle "CBM 188 Extra"]
[Source "ChessBase"]
[SourceDate "2019.02.26"]
[SourceVersion "1"]
[SourceVersionDate "2019.02.26"]
[SourceQuality "1"]
[WhiteTeam "Porz SG"]
[BlackTeam "Biebertal"]
[WhiteTeamCountry "GER"]
[BlackTeamCountry "GER"]

1. e4 e5 2. Nf3 Nc6 3. Bc4 Nf6 4. d3 Be7 5. Bg5 d6 6. c3 a6 7. Nbd2 b5 8. Bxf6 Bxf6 9. Bd5 Bd7 10. Bb3 0-0 11. a4 Na5 12. Qc2 c6 13. Ba2 c5 14. Bd5 Ra7 15. axb5 Bxb5 16. 0-0 Qc7 17. Rfd1 Nc6 18. Nb3 Ne7 19. c4 Nxd5 20. cxb5 Nb4 21. Qc4 axb5 22. Qxb5 Rb8 23. Qc4 Rab7 24. Nfd2 Bg5 25. Na5 Rb5 26. Ndb3 Nc6 27. Nxc6 Qxc6 28. Na5 Qc7 29. Qc3 Rxb2 30. Nc4 R2b4 31. g3 g6 32. Ra6 Rb3 33. Qc2 Be7 34. Rda1 f6 35. Ra7 R3b7 36. R7a6 Qd8 37. Qa2 Kg7 38. Na5 Rb2 39. Qd5 Rb1+ 40. Rxb1 Rxb1+ 41. Kg2 Kh6 42. Nc6 1/2-1/2